| 000 | 00689nam a2200145Ia 4500 | ||
|---|---|---|---|
| 008 | 100122s9999 xx 000 0 und d | ||
| 082 |
_b71110 _a294.5 |
||
| 100 | _aजोशी रत्नप्रभा रविंद्र | ||
| 245 | _a"गायत्री मंत्र, मुद्रा साधना व उपासना" | ||
| 260 |
_bधार्मिक प्रकाशन संस्था _c2007 |
||
| 300 | _a127 | ||
| 630 | _a"गायत्री मंत्र, मुद्रा साधना व उपासना" | ||
| 730 | _a"गायत्री मंत्र, मुद्रा साधना व उपासना" | ||
| 942 | _cBOOK | ||
| 999 |
_c441782 _d441779 |
||